00536nam a22001697a 4500003000900000008004100009040007100050082002400121100003400145245003900179260007000218300002500288650001200313650001300325650001500338650001300353AR-CdUCM190415b ||||| |||| 00| 0 spa d aMUNICIPALIDAD PROVINCIAL DEL CUSCOcBIBLIOTECA MUNICIPAL DEL CUSCO aEP / 372.869 /bM84 aMonteblanco Martinez, Hugo A. aEs hora de compartir mis cuentos / aCallao :bDerechos de edición y arte grafico reservados,c1996. a67 paginas ;c21 cm. aCuentos aHistoria aLiteratura aSiglo XX